Special issue on industrial policy and trade policy in the evolving new global order (Record no. 532943)

000 -LEADER
fixed length control field 00480nam a22001217a 4500
008 - FIXED-LENGTH DATA ELEMENTS--GENERAL INFORMATION
fixed length control field 260402b ||||| |||| 00| 0 eng d
100 ## - MAIN ENTRY--PERSONAL NAME
Personal name Palit, Amitendu Veeramani, C. and Teantri, Malini L.
245 ## - TITLE STATEMENT
Title Special issue on industrial policy and trade policy in the evolving new global order
260 ## - PUBLICATION, DISTRIBUTION, ETC. (IMPRINT)
Place of publication, distribution, etc Journal of Social and Economic Development
300 ## - PHYSICAL DESCRIPTION
Extent 27(2), Supple-Sep, 2025: p.135-157
773 ## - HOST ITEM ENTRY
Main entry heading Journal of Social and Economic Development
942 ## - ADDED ENTRY ELEMENTS (KOHA)
Item type Articles
Holdings
Withdrawn status Lost status Source of classification or shelving scheme Damaged status Not for loan Permanent location Current location Date acquired Serial Enumeration / chronology Barcode Date last seen Koha item type
          Indian Institute of Public Administration Indian Institute of Public Administration 2026-04-02 27(2), Supple-Sep, 2025: p.135-157 AR138459 2026-04-02 Articles

Powered by Koha